| 000 | 02052cam a2200349 a 4500 | ||
|---|---|---|---|
| 003 | OSt | ||
| 005 | 20221014160111.0 | ||
| 008 | 071213s2007 ck r 000 0 spa d | ||
| 020 | _a9789587101744 | ||
| 040 |
_aCO-BoPUJ _cCO-JMCR |
||
| 041 | 0 | _aspa | |
| 082 | 0 | 4 |
_a658.408 / _bY471r _221 |
| 100 | 1 |
_aYepes López, Gustavo A., _eautor _941988 |
|
| 245 | 1 | 3 |
_aLa responsabilidad social empresarial : _bfundamentos y aplicación en las organizaciones de hoy / _cGustavo A. Yepes López, Wilmar Peña Collazos, Luis Fernando Sánchez Maldonado |
| 250 | _aPrimera edición | ||
| 260 |
_aBogotá : _bUniversidad Externado de Colombia, _c2007. |
||
| 300 |
_a248 páginas ; _c21 cm. |
||
| 500 | _aIncluye datos biográficos de los autores. | ||
| 504 | _aBibliografía: páginas 229-245. | ||
| 505 | 0 | _a¿Qué es la responsabilidad social empresarial? -- De dónde viene la responsabilidad social empresarial -- Cómo se aplica en la empresa el concepto de RSE | |
| 520 | 0 | _aEl presente libro contempla de manera muy completa las distintas concepciones, corrientes y enfoques que han surgido en torno a la responsabilidad social empresarial (RSE), tema que ha adquirido gran relevancia a nivel internacional y aun cuando no se ha llegado a un consenso en cuanto a su definición, el concepto ha ido evolucionando hasta ser considerado como parte integral de la estrategia del negocio, pudiendo agregar valor a la empresa y, de este modo, generarle una ven taja competitiva, al ser considerada como "una empresa socialmente responsable". | |
| 650 | 1 | 4 |
_aResponsabilidad social de los negocios _912766 |
| 650 | 2 | 4 |
_aÉtica de los negocios _91608 |
| 650 | 2 | 4 |
_aÉtica empresarial _99809 |
| 650 | 2 | 4 |
_aÉtica social _913808 |
| 650 | 2 | 4 |
_aValores (Filosofía) _97926 |
| 650 | 2 | 4 |
_aDesarrollo económico _xAspectos morales y éticos _941989 |
| 650 | 2 | 4 |
_aGestión empresarial _xAspectos morales y éticos _941990 |
| 700 | 1 |
_aPeña Collazos, Wilmar, _eautor _941991 |
|
| 700 | 1 |
_aSánchez Maldonado, Luis Fernando, _eautor _941992 |
|
| 942 |
_2ddc _cBK |
||
| 999 |
_c15845 _d15845 |
||